|
|
|
|
| LEADER |
01390nam a22003017a 4500 |
| 001 |
40747 |
| 003 |
BD-DhAAL |
| 005 |
20230126142456.0 |
| 008 |
230126t2022 bg ||||| |||| 00| 0 ben d |
| 040 |
|
|
|a BD-DhAAL
|c BD-DhAAL
|
| 041 |
|
|
|a ben
|
| 082 |
|
|
|a 891.44
|
| 100 |
|
|
|a হক, হাসান আজিজুল
|
| 245 |
|
|
|a আত্মজা ও একটি করবী গাছ /
|c হাসান আজিজুল হক
|
| 246 |
|
|
|a Atmaja o ekti karabi gach
|
| 250 |
|
|
|a প্রথম সংস্করণ
|
| 260 |
|
|
|a ঢাকা :
|b ইত্যাদি গ্রন্থ প্রকাশ,
|c ২০২২
|
| 300 |
|
|
|a ১০২ পৃষ্ঠা ;
|c ২২ সে.মি
|
| 526 |
|
|
|a GenEd (Residential Campus)
|
| 541 |
|
|
|a Development Book Agency
|e 40748, 40747
|
| 650 |
|
|
|a Bengali literature.
|
| 650 |
|
|
|a Bengali essays.
|
| 650 |
|
|
|a Bengali fiction.
|
| 852 |
|
|
|a Ayesha Abed Library
|c General Stacks
|
| 942 |
|
|
|2 ddc
|c BK
|
| 999 |
|
|
|c 45357
|d 45357
|
| 952 |
|
|
|0 0
|1 0
|2 ddc
|4 0
|6 891_440000000000000_HUQ
|7 0
|9 72911
|a SCL
|b SCL
|c GEN
|d 2023-01-15
|e Development Book Agency
|g 192.00
|l 3
|m 6
|o 891.44 HUQ
|p 3020040747
|r 2026-04-16
|s 2026-04-08
|t 1
|v 192.00
|w 2023-01-15
|y BK
|
| 952 |
|
|
|0 0
|1 0
|2 ddc
|4 0
|6 891_440000000000000_HUQ
|7 0
|9 72912
|a SCL
|b SCL
|c GEN
|d 2023-01-15
|e Development Book Agency
|g 192.00
|l 2
|m 1
|o 891.44 HUQ
|p 3020040748
|r 2023-11-26
|s 2023-11-19
|t 2
|v 192.00
|w 2023-01-15
|y BK
|